guess my favorite TV shows - Statistics

General Stats
  • This quiz has been taken 43 times
  • The average score is 5 of 15
Answer Stats
Hint Answer % Correct
vampires the vampire diaries
86%
sitcom about cops Brooklyn nine nine
72%
really famous sitcom friends
61%
sitcom about an american family modern family
47%
unstable family and has a US and UK version shameless
42%
wolves teen wolf
39%
horror American horror story
31%
it started with a sex map heartbreak high
25%
really dumb roommates new girl
22%
queer prince young royals
19%
spin off of one of the previous TV shows the originals
17%
it has different versions for different countries skam france
14%
dystopian the 100
14%
mlm romcom heartstopper
11%
plane crash yellow jackets
11%
No matching quizzes found
Score Distribution
Percent of People with Each Score
Percentile by Number Answered
Your Score History
You have not taken this quiz